Memorandum to Parliament by Hon. Seth Terkper Minister of Finance on the Interest Rate Risk Manangement Transactions (Record no. 1908)

MARC details
000 -LEADER
fixed length control field 00517nam a2200145Ia 4500
008 - FIXED-LENGTH DATA ELEMENTS--GENERAL INFORMATION
fixed length control field 240429s9999||||xx |||||||||||||| ||und||
041 ## - LANGUAGE CODE
Language code of text/sound track or separate title eng
082 ## - DEWEY DECIMAL CLASSIFICATION NUMBER
Classification number PM/IRRM/13
100 ## - MAIN ENTRY--PERSONAL NAME
Personal name Parliament of Ghana
245 #0 - TITLE STATEMENT
Title Memorandum to Parliament by Hon. Seth Terkper Minister of Finance on the Interest Rate Risk Manangement Transactions
300 ## - PHYSICAL DESCRIPTION
Extent 4p
650 ## - SUBJECT ADDED ENTRY--TOPICAL TERM
Topical term or geographic name entry element Memorandum to Parliament by Hon. Seth Terkper Minister of Finance - on the Interest Rate Risk Manangement Transactions
942 ## - ADDED ENTRY ELEMENTS (KOHA)
Koha item type Memorandum
Holdings
Withdrawn status Lost status Damaged status Not for loan Home library Current library Shelving location Date acquired Total checkouts Full call number Date last seen Copy number Price effective from Koha item type
        Main Library Main Library Open Shelves 01/12/2022   PM/IRRM/13 3779 C1 - PM/IRRM/13 3780 C2 - PM/IRRM/13 3781 C3 29/04/2024 1 29/04/2024 Memorandum
©2026  Parliament of Ghana Library - All rights reserved